000 00872nam a2200253Ia 4500
003 OSt
005 20220923211223.0
006 a|||||r|||| 00| 0
007 ta
008 220922b |||||||| |||| 00| 0 hin d
020 _a9788170168980 (hbk)
_c106.25
024 _a246,040
037 _b387, 11/02/2011, Swaraj Prakashan
_cTextual
040 _aARTS
_cARTS
_bhin
041 _2hin
_ahin
082 _aO152,2N59,DA, Q0
100 _aविभा रानी
_9159911
245 0 _aदूसरा आदमी दूसरी औरत
246 _aDūsarā ādamī dūsarī aurata
260 _aनयी दिल्ली
_b किताबघर प्रकाशन
_c2010
300 _a71पृ.
_ccm.
942 _hO152,2N59,DA, Q0
_cTEXL
_2CC
999 _c297189
_d297189